Welcome to the Holygrace Academy Library

Please use search bar below to get started

QUESTION BANK IN SOCIAL SCIENCES (Record no. 944)

MARC details
000 -LEADER
fixed length control field 00373nam a22001337a 4500
020 ## - INTERNATIONAL STANDARD BOOK NUMBER
ISBN 0-07-058146-0
082 ## - DEWEY DECIMAL CLASSIFICATION NUMBER
Classification number 300
Item number BAN/Q
100 ## - MAIN ENTRY--AUTHOR NAME
Personal name SHOBHA BANERJEE, NALINI BAHL
245 ## - TITLE STATEMENT
Title QUESTION BANK IN SOCIAL SCIENCES
Remainder of title FOR CLASS IX
260 ## - PUBLICATION, DISTRIBUTION, ETC. (IMPRINT)
Place of publication DELHI
Name of publisher TATA McGRAW HILL PUBLICATIONS
Year of publication 2004
300 ## - PHYSICAL DESCRIPTION
Number of Pages 190
650 ## - SUBJECT ADDED ENTRY--TOPICAL TERM
Topical Term QUESTION BANK SERIES SOCIAL SCIENCE
Geographic subdivision INDIA
942 ## - ADDED ENTRY ELEMENTS (KOHA)
Koha item type Books
Holdings
Withdrawn status Lost status Collection code Home library Current library Shelving location Date acquired Source of acquisition Full call number Accession Number Koha item type
    Reference Main Library Main Library SHELF 7D CLASS IX SOCIAL SCIENCE&INFORMATIC PRACTICE 08/09/2004 purchase 300 BAN/Q 01728 Books
    Reference Main Library Main Library SHELF 7D CLASS IX SOCIAL SCIENCE&INFORMATIC PRACTICE 08/09/2004 purchase 300 BAN/Q 01727 Books